fortnite - every outfit from season 8 - Statistics

General Stats
  • This quiz has been taken 3 times
  • The average score is 27 of 53
Answer Stats
rarity Answer % Correct
legendary luxe
100%
uncommon aura
50%
rare axiom
50%
rare bandolette
50%
epic beastmode
50%
uncommon birdie
50%
legendary blackheart
50%
marvel series black widow outfit
50%
rare buccaneer
50%
rare carbon commando
50%
uncommon cole
50%
rare dream
50%
epic ember
50%
rare fastball
50%
epic gemini
50%
uncommon guild
50%
uncommon hayseed
50%
rare hopper
50%
legendary hybrid
50%
rare hypernova
50%
epic IKONIK
50%
legendary inferno
50%
epic kenji
50%
epic kuno
50%
rare laguna
50%
epic lucky rider
50%
epic luminos
50%
legendary malice
50%
rare marino
50%
epic master key
50%
rare mezmer
50%
lava series molten battle hound
50%
lava series molten valkyrie
50%
uncommon munitions major
50%
epic nightwitch
50%
epic nitehare
50%
uncommon pastel
50%
epic peely
50%
uncommon prickly patroller
50%
rare psion
50%
legendary ruin
50%
rare seawolf
50%
epic shaman
50%
epic sidewinder
50%
rare slugger
50%
epic splode
50%
marvel series star-lord outfit
50%
rare stealth reflex
50%
epic sterling
50%
rare sunbird
50%
uncommon sunflower
50%
legendary supersonic
50%
epic daring dualist
0%
No matching quizzes found
Score Distribution
Percent of People with Each Score
Percentile by Number Answered
Your Score History
You have not taken this quiz